02362nkc a2200337za 450000100060000000300040000600500170001000700070002700800410003404000240007510000330009924500450013226000240017730000990020150002640030050001930056450000650075750001340082250001690095650400520112550500440117751001510122151002100137256101300158261000460171265100190175865500320177770000530180985200120186285601500187484711OSt20260324152335.0kh boc250410s19101911sp ||||| ||||||0| i|spa d aM-RABAbspacM-RABA1 aElorza, Lorenzod(1861-1931)10aUnzáb: Puerta de la Iglesia c/ L. E. c[ca. 1910 – 1911] a1 fotografíab: gelatina de plata c; imagen 17 x 12 cme; soporte secundario 26,5 x 21,5 cm aVista de la portada de la iglesia parroquial de San Fausto en Unzá, compuesto por un arco apuntado, tres arquivoltas y trasdós, apeado en dos pares de columnas con fustes lisos, basas de garras y capiteles decorados. Federico Baraibar figura en el centro. aFotografía montada sobre soporte secundario de cartulina azul enmarcada con orla en relieve. Título y numeración manuscrita que hace referencia a la posición en la serie “156”. aSello con monograma del fotógrafo en tinta roja “L.E.” aFechas tomadas de la ejecución del positivo de las fotografías, incluido el soporte secundario. (Soto Madrazo, Javier. 2008). aForma parte de un conjunto de 167 fotografías empleadas por Federico Baráibar Zumárraga para la elaboración del Inventario del Románico en Álava (1911). aBaraibar, F.: "Rincones artísticos", M. 1914. aUnzá.- Puerta de la Iglesia. / L. E.  aDescripción tomada de: Soto Madrazo, Javier (2008). Federico Baraibar y el Inventario del Románico en Álava: una caja con 167 fotografías. aEsta colección fue utilizada posteriormente por Cristóbal de Castro para la elaboración y publicación del "Catálogo Monumental de España: provincia de Álava", Madrid, S. de Rivadeneira, 1915. aDonadas junto con la memoria manuscrita a la Academia por el mismo Baraibar (Sesión 12 de febrero de 1912, Archivo: 4-32-1)27aIglesia parroquial de San Fausto (Unzá) 7aÁlava2embne 0aFotografías de monumentos1 aBaráibar y Zumárraga, Federico d(1851-1918) jFot-265 3Fot-265uhttps://archivoybiblioteca.realacademiabellasartessanfernando.com/cgi-bin/koha/opac-retrieve-file.pl?id=d872feac85174ce802fb48fb6486563e